| 000 | 00614nam a2200205Ia 4500 | ||
|---|---|---|---|
| 005 | 20250508165530.0 | ||
| 008 | 008 250505s9999 xx 000 0 eng d | ||
| 020 | _a978-0-231-10205-6 | ||
| 037 | _aReference | ||
| 040 |
_aFEDL _beng _cFEDL |
||
| 041 |
_aeng _2eng |
||
| 084 |
_a575.109, KEL/RR _qFEDL |
||
| 100 |
_aKiller Evelvn Fox _9781112 |
||
| 245 | 0 | _aRefiguring life: Metaphors of twentieth- century biology | |
| 260 |
_aNew York, USA _b Columbia University Press _c1995 |
||
| 300 | _axix, 134p. | ||
| 365 |
_aUSD _b30 |
||
| 942 |
_cREF _h575.109, KEL/RR |
||
| 999 |
_c1395699 _d1395699 |
||